Mirrors: (Record no. 202386)

MARC details
000 -LEADER
fixed length control field 00608nam a22001937a 4500
005 - DATE AND TIME OF LATEST TRANSACTION
control field 20240919112045.0
010 ## - LCCN (DPL NO)
LC control number ENG-140234
020 ## - INTERNATIONAL STANDARD BOOK NUMBER
Terms of availability 275.00
International Standard Book Number 9789390746200
035 ## - SYSTEM CONTROL NUMBER
System control number EN-123766
037 ## - SOURCE OF ACQUISITION
Source of stock number/acquisition DBAD
082 ## - DEWEY DECIMAL CLASSIFICATION NUMBER
Classification number 881
100 ## - MAIN ENTRY--PERSONAL NAME
Personal name Dewra, Devansh
245 ## - TITLE STATEMENT
Title Mirrors:
Statement of responsibility, etc By Devansh Dewra
Remainder of title Reflections on the Alchemy of Life/
260 ## - PUBLICATION, DISTRIBUTION, ETC. (IMPRINT)
Place of publication, distribution, etc Kolkata
Name of publisher, distributor, etc EXCELLER BOOKS
Date of publication, distribution, etc 2021
270 ## - ADDRESS
Address G1,Dream Apartment, Degree College Road, Belgharia
City Kolkata
Postal code 700056
300 ## - PHYSICAL DESCRIPTION
Extent 56p.
Dimensions 21cm(pb)
500 ## - GENERAL NOTE
General note For Reflections on the Alchemy of life.
942 ## - ADDED ENTRY ELEMENTS (KOHA)
Source of classification or shelving scheme Dewey Decimal Classification
Item type English Books
Call number suffix DEW
Classification part 881
Holdings
Withdrawn status Lost status Not for loan Collection code Home library Current library Date acquired Source of acquisition Cost, normal purchase price Full call number Barcode Copy number Cost, replacement price Koha item type
      Non-fiction Shahdara Branch Shahdara Branch 29/04/2024 DBAD 275.00 DEW 881 EN-123766 1 275.00 English Books

© Delhi Public Library
Hit Counter
free hit counter